| 000 | 01267nam a2200325 a 4500 | ||
|---|---|---|---|
| 001 | ebr10528142 | ||
| 003 | CaPaEBR | ||
| 006 | m u | ||
| 007 | cr cn||||||||| | ||
| 008 | 120227s2012 mau sb 001 0 eng d | ||
| 020 | _z9781936235643 | ||
| 020 | _z9781618111111 (e-book) | ||
| 040 |
_aCaPaEBR _cCaPaEBR |
||
| 035 | _a(OCoLC)785776764 | ||
| 050 | 1 | 4 |
_aHN40.J5 _bC64 2012eb |
| 100 | 1 | _aCohen, Aryeh. | |
| 245 | 1 | 0 |
_aJustice in the city _h[electronic resource] / _cAryeh Cohen. |
| 260 |
_aBoston : _bAcademic Studies Press, _c2012. |
||
| 300 | _a171 p. | ||
| 490 | 1 | _aNew perspectives in post-Rabbinic Judaism | |
| 504 | _aIncludes bibliographical references and index. | ||
| 533 |
_aElectronic reproduction. _bPalo Alto, Calif. : _cebrary, _d2013. _nAvailable via World Wide Web. _nAccess may be limited to ebrary affiliated libraries. |
||
| 650 | 0 | _aJudaism and social problems. | |
| 650 | 0 | _aJustice (Jewish theology) | |
| 650 | 0 |
_aSocial justice _xReligious aspects _xJudaism. |
|
| 655 | 7 |
_aElectronic books. _2local |
|
| 710 | 2 | _aebrary, Inc. | |
| 830 | 0 | _aNew perspectives in post-Rabbinic Judaism. | |
| 856 | 4 | 0 |
_uhttp://site.ebrary.com/lib/rucke/Doc?id=10528142 _zAn electronic book accessible through the World Wide Web; click to view |
| 999 |
_c145435 _d145435 |
||